000 00590nam a22002297a 4500
003 OSt
005 20140310182947.0
008 130205t xxu||||| |||| 00| 0 eng d
020 _a9789712348662
050 _aHF 5387
_b.R628 2007
100 _aRoa, Fr. Floriano C.
245 _aBusiness ethics and social responsibility /
_cFr. Floriano C. Roa
260 _aManila :
_bRex Book Store,
_c2007.
300 _a242 p. :
_c23 cm.
521 _aBSBA
650 _aBusiness ethics.
942 _2lcc
_cBK
_kLOC
999 _c17828
_d17828